000 00859nmm a2200289 a 4500
003 AR-BaBNM
005 20251128204327.0
008 011101s1992 ||||||||||||||000 | spa||
020 _a950-582-319-3
040 _cAR-BaBNM
100 1 _aBrown, Guillermo
245 1 0 _aQué tal si jugamos... otra vez
_bnuevas experiencias de los juegos cooperativos en la educación popular
250 _a3ª ed.
260 _aBuenos Aires
_bHumanitas
_bGuarura Ediciones
_c1992
300 0 _a196 p.
_bil.
500 0 _aContiene referencias bibliográficas
650 4 _aJUEGOS EDUCATIVOS
650 4 _aCOOPERACION ESCUELA-COMUNIDAD
650 4 _aGRUPOS DE TRABAJO
650 4 _aTRABAJO EN EQUIPO
650 4 _aACTITUD SOCIAL
650 4 _aSOCIALIZACION
650 4 _aDESARROLLO DEL LENGUAJE
653 0 _aEDUCACION POPULAR
942 _cBK
998 _csilvi
999 _c7035
_d7035